[Event "Hampshire Major"]
[Site "Eastleigh"]
[Date "2011.11.04"]
[Round "1"]
[White "Stone, Mark R"]
[Black "Ross, David EC"]
[Result "0-1"]
[WhiteElo "1672"]
[BlackElo "1752"]
[PlyCount "112"]
[EventDate "2011.11.04"]
[EventType "swiss"]
[EventRounds "6"]
[EventCountry "ENG"]
[SourceTitle "BritBase"]
[Source "John Saunders"]
[SourceDate "2025.01.31"]
[SourceVersion "1"]
[SourceVersionDate "2025.01.31"]
[SourceQuality "1"]

1. e4 e5 2. Nf3 Nc6 3. Bb5 a6 4. Ba4 Bc5 5. c3 d6 6. h3 b5 7. Bc2 Nf6 8. O-O O-O 9. d4 exd4 10. cxd4 Ba7 11. Re1 Nb4 12. Bg5 Nxc2 13. Qxc2 h6 14. Bh4 g5 15. Bg3 c5 16. e5 Nh5 17. Bh2 f5 18. exf6 Qxf6 19. dxc5 Bxh3 20. Qb3+ Rf7 21. Bxd6 Bxg2 22. Kxg2 g4 23. Nbd2 gxf3+ 24. Nxf3 Qf5 25. Rg1 Kh7 26. Qe3 Rg8+ 27. Kf1 Qxf3 28. Qxf3 Rxf3 29. Rxg8 Kxg8 30. Re1 Rf5 31. b4 Rf7 32. Re8+ Kg7 33. Ra8 Kf6 34. Bb8 Bxb8 35. Rxb8 Re7 36. Rb6+ Kf5 37. Rxa6 Nf4 38. Rb6 Re6 39. Rd6 Rxd6 40. cxd6 Kf6 41. f3 Ke6 42. d7 Kxd7 43. a3 Ke6 44. Kf2 h5 45. Kg3 Ng6 46. Kf2 Kd5 47. Ke3 h4 48. f4 Kc4 49. f5 Nf8 50. Kf4 Kb3 51. Kg4 Kxa3 52. Kxh4 Kxb4 53. Kg5 Kc5 54. Kf6 Nd7+ 55. Ke6 Kc6 56. f6 b4 0-1

[Event "Hampshire Major"]
[Site "Eastleigh"]
[Date "2011.11.04"]
[Round "1"]
[White "Sullivan, Ken"]
[Black "Beaney, Alex"]
[Result "0-1"]
[WhiteElo "1680"]
[BlackElo "1736"]
[PlyCount "94"]
[EventDate "2011.11.04"]
[EventType "swiss"]
[EventRounds "6"]
[EventCountry "ENG"]
[SourceTitle "BritBase"]
[Source "John Saunders"]
[SourceDate "2025.01.31"]
[SourceVersion "1"]
[SourceVersionDate "2025.01.31"]
[SourceQuality "1"]

1. e4 e5 2. Nf3 Nc6 3. Bb5 a6 4. Ba4 b5 5. Bb3 Na5 6. O-O d6 7. d4 Nxb3 8. axb3 exd4 9. Qxd4 Bb7 10. Re1 c5 11. Qd3 Nf6 12. Bg5 Be7 13. Nc3 O-O 14. Rad1 b4 15. Na4 Bxe4 16. Rxe4 Nxe4 17. Bxe7 Qxe7 18. Re1 Rfe8 19. Nd2 Nxf2 20. Rxe7 Nxd3 21. Rxe8+ Rxe8 22. cxd3 Re3 23. d4 cxd4 24. Kf2 Kf8 25. Nb6 Re5 26. Nd7+ Ke7 27. Nxe5 dxe5 28. Ne4 f5 29. Ng3 Ke6 30. Kf3 e4+ 31. Kf4 g6 32. Nxe4 fxe4 33. Kxe4 d3 34. Kxd3 Kd5 35. Ke3 g5 36. h3 h5 37. g4 hxg4 38. hxg4 Ke5 39. Kf2 Kf4 40. Kg2 Kxg4 41. Kg1 Kf3 42. Kf1 Ke3 43. Ke1 g4 44. Kf1 Kd2 45. Kf2 Kc2 46. Kg3 Kxb2 47. Kxg4 Kxb3 0-1

[Event "Hampshire Major"]
[Site "Eastleigh"]
[Date "2011.11.05"]
[Round "2"]
[White "Beaney, Alex"]
[Black "Dallas, Peter L"]
[Result "0-1"]
[WhiteElo "1736"]
[BlackElo "1728"]
[PlyCount "60"]
[EventDate "2011.11.04"]
[EventType "swiss"]
[EventRounds "6"]
[EventCountry "ENG"]
[SourceTitle "BritBase"]
[Source "John Saunders"]
[SourceDate "2025.01.31"]
[SourceVersion "1"]
[SourceVersionDate "2025.01.31"]
[SourceQuality "1"]

1. d4 g6 2. Bf4 Bg7 3. e3 d6 4. Nf3 Nd7 5. Nbd2 e5 6. Bg5 f6 7. Bh4 Ne7 8. dxe5 fxe5 9. e4 Nc5 10. Bc4 Be6 11. Qe2 h6 12. b4 Bxc4 13. Qxc4 Nd7 14. O-O Nb6 15. Qe6 Qd7 16. Qxe7+ Qxe7 17. Bxe7 Kxe7 18. Nh4 Kf7 19. f4 Bf6 20. fxe5 dxe5 21. Nhf3 Kg7 22. c4 Rad8 23. c5 Na4 24. Nc4 Nc3 25. Nfxe5 Rhe8 26. Ng4 Ne2+ 27. Kh1 Bxa1 28. e5 Bc3 29. a3 Bb2 30. h4 Ng3+ 0-1

[Event "Hampshire Major"]
[Site "Eastleigh"]
[Date "2011.11.05"]
[Round "2"]
[White "Foley, Phil T"]
[Black "Fields, David"]
[Result "1-0"]
[WhiteElo "1680"]
[BlackElo "1608"]
[PlyCount "83"]
[EventDate "2011.11.04"]
[EventType "swiss"]
[EventRounds "6"]
[EventCountry "ENG"]
[SourceTitle "BritBase"]
[Source "John Saunders"]
[SourceDate "2025.01.31"]
[SourceVersion "1"]
[SourceVersionDate "2025.01.31"]
[SourceQuality "1"]

1. e4 c6 2. d4 d5 3. exd5 cxd5 4. c4 Nf6 5. Nc3 e6 6. Nf3 Be7 7. cxd5 Nxd5 8. Bc4 Nxc3 9. bxc3 O-O 10. O-O Nd7 11. Qc2 h6 12. Be3 Nf6 13. Bb3 b6 14. c4 Qc7 15. Ne5 Bd6 16. f4 Bb7 17. Rac1 Be4 18. Qe2 Ba3 19. Rcd1 Bh7 20. Bc1 Bb4 21. a3 Ba5 22. Bd2 Bxd2 23. Qxd2 Rad8 24. Qe3 Be4 25. Rf2 Qb7 26. Rfd2 Qa6 27. Bc2 Bxc2 28. Rxc2 Qa4 29. Rcd2 Nd7 30. c5 Nxe5 31. dxe5 Rxd2 32. Rxd2 bxc5 33. g3 c4 34. Qc3 Rc8 35. Kf2 Kf8 36. Ke3 Ke7 37. h4 Qb3 38. Rc2 Rc5 39. Qxb3 cxb3 40. Rxc5 a6 41. Rc7+ Kd8 42. Rb7 1-0

[Event "Hampshire Major"]
[Site "Eastleigh"]
[Date "2011.11.05"]
[Round "2"]
[White "Matthew, Ian G"]
[Black "Chapman, Matt"]
[Result "1/2-1/2"]
[WhiteElo "1736"]
[BlackElo "1832"]
[PlyCount "33"]
[EventDate "2011.11.04"]
[EventType "swiss"]
[EventRounds "6"]
[EventCountry "ENG"]
[SourceTitle "BritBase"]
[Source "John Saunders"]
[SourceDate "2025.01.31"]
[SourceVersion "1"]
[SourceVersionDate "2025.01.31"]
[SourceQuality "1"]

1. e4 c6 2. d4 d5 3. Nc3 dxe4 4. Nxe4 Bf5 5. Ng3 Bg6 6. Bc4 e6 7. N1e2 Nd7 8. O-O Ngf6 9. f4 Nb6 10. Bb3 c5 11. c3 cxd4 12. Ba4+ Nxa4 13. Qxa4+ Nd7 14. f5 exf5 15. Nxd4 Be7 16. Ngxf5 O-O 17. Nxe7+ 1/2-1/2

[Event "Hampshire Major"]
[Site "Eastleigh"]
[Date "2011.11.05"]
[Round "2"]
[White "O'Gorman, Brendan"]
[Black "Moore, Gillian A"]
[Result "1/2-1/2"]
[WhiteElo "1872"]
[BlackElo "1768"]
[PlyCount "81"]
[EventDate "2011.11.04"]
[EventType "swiss"]
[EventRounds "6"]
[EventCountry "ENG"]
[SourceTitle "BritBase"]
[Source "John Saunders"]
[SourceDate "2025.01.31"]
[SourceVersion "1"]
[SourceVersionDate "2025.01.31"]
[SourceQuality "1"]

1. Nf3 d5 2. d4 Nc6 3. g3 Bg4 4. Bg2 e6 5. O-O Be7 6. c4 Nf6 7. Ne5 O-O 8. Nxg4 Nxg4 9. e4 Nf6 10. e5 Ne4 11. f3 dxc4 12. fxe4 Qxd4+ 13. Qxd4 Nxd4 14. Nc3 Nc6 15. Be3 a6 16. Rad1 Nxe5 17. Rd2 Rad8 18. Rfd1 b5 19. Rxd8 Rxd8 20. Rxd8+ Bxd8 21. Bf1 c6 22. Kg2 Be7 23. Bd4 Nd7 24. Kf2 f5 25. exf5 exf5 26. Bg2 c5 27. Be3 Ne5 28. Bb7 Nd3+ 29. Ke2 Nxb2 30. Bxa6 b4 31. Nd1 c3 32. Bd3 Nxd3 33. Kxd3 Kf7 34. a4 bxa3 35. Nxc3 Ke6 36. Kc4 g5 37. Kb3 a2 38. Nxa2 Ke5 39. Nc3 f4 40. Bf2 h5 41. Kc4 1/2-1/2

[Event "Hampshire Major"]
[Site "Eastleigh"]
[Date "2011.11.05"]
[Round "2"]
[White "Pope, Michael R"]
[Black "Hurn, Paul AT"]
[Result "1/2-1/2"]
[WhiteElo "1680"]
[BlackElo "1704"]
[PlyCount "49"]
[EventDate "2011.11.04"]
[EventType "swiss"]
[EventRounds "6"]
[EventCountry "ENG"]
[SourceTitle "BritBase"]
[Source "John Saunders"]
[SourceDate "2025.01.31"]
[SourceVersion "1"]
[SourceVersionDate "2025.01.31"]
[SourceQuality "1"]

1. e4 e6 2. Qe2 b6 3. Nf3 Ba6 4. d3 c5 5. Nbd2 Nc6 6. Nc4 d6 7. g3 Be7 8. Bg2 Nf6 9. O-O O-O 10. Re1 Rc8 11. Nxd6 Bxd6 12. e5 Bxe5 13. Nxe5 Nd4 14. Qd2 Qd6 15. Nc4 Bxc4 16. dxc4 Rcd8 17. Qd1 Nf5 18. Bf4 Qxd1 19. Raxd1 Rxd1 20. Rxd1 Nd4 21. Rd2 h6 22. c3 Nf5 23. h4 Re8 24. Re2 Rd8 25. Rd2 1/2-1/2

[Event "Hampshire Major"]
[Site "Eastleigh"]
[Date "2011.11.05"]
[Round "2"]
[White "Samuels, Henry Alexander"]
[Black "Ross, David EC"]
[Result "1/2-1/2"]
[WhiteElo "1840"]
[BlackElo "1752"]
[PlyCount "28"]
[EventDate "2011.11.04"]
[EventType "swiss"]
[EventRounds "6"]
[EventCountry "ENG"]
[SourceTitle "BritBase"]
[Source "John Saunders"]
[SourceDate "2025.01.31"]
[SourceVersion "1"]
[SourceVersionDate "2025.01.31"]
[SourceQuality "1"]

1. d4 Nf6 2. c4 e6 3. g3 Bb4+ 4. Bd2 Bxd2+ 5. Nxd2 d5 6. Bg2 Nc6 7. Ngf3 O-O 8. O-O Ne4 9. e3 f5 10. Rc1 Ne7 11. Ne5 c6 12. f4 Nxd2 13. Qxd2 Qe8 14. c5 Ng6 1/2-1/2

[Event "Hampshire Major"]
[Site "Eastleigh"]
[Date "2011.11.05"]
[Round "2"]
[White "Symons, John B"]
[Black "Manning, Peter A"]
[Result "1-0"]
[WhiteElo "1800"]
[BlackElo "1720"]
[PlyCount "83"]
[EventDate "2011.11.04"]
[EventType "swiss"]
[EventRounds "6"]
[EventCountry "ENG"]
[SourceTitle "BritBase"]
[Source "John Saunders"]
[SourceDate "2025.01.31"]
[SourceVersion "1"]
[SourceVersionDate "2025.01.31"]
[SourceQuality "1"]

1. e4 c5 2. Nc3 e6 3. d3 Nc6 4. Nf3 d6 5. g3 Nge7 6. Bg2 e5 7. Ne2 g6 8. Bg5 Bg7 9. Qd2 h6 10. Be3 Be6 11. c3 Qc7 12. Rc1 Qa5 13. a3 Bb3 14. O-O g5 15. Ne1 O-O 16. f4 exf4 17. gxf4 f6 18. Ng3 Bf7 19. Nf3 Qd8 20. d4 cxd4 21. cxd4 Bg6 22. d5 Nb8 23. Nd4 Rf7 24. Ne6 Qd7 25. f5 Bh7 26. Nc7 Na6 27. Nxa8 Rf8 28. Bxa7 Rxa8 29. Be3 Kf7 30. Ne2 h5 31. Nd4 Ng8 32. Ne6 Nh6 33. h3 Bf8 34. Rc2 Kg8 35. Rfc1 Nf7 36. Bd4 Be7 37. Rc3 Bd8 38. R1c2 Kh8 39. Qc1 Bg8 40. Qd1 Ne5 41. Qxh5+ Bh7 42. Nf8 1-0

[Event "Hampshire Major"]
[Site "Eastleigh"]
[Date "2011.11.05"]
[Round "2"]
[White "Whatmough, Luke"]
[Black "Farthing, Andrew P"]
[Result "0-1"]
[WhiteElo "1440"]
[BlackElo "1736"]
[PlyCount "110"]
[EventDate "2011.11.04"]
[EventType "swiss"]
[EventRounds "6"]
[EventCountry "ENG"]
[SourceTitle "BritBase"]
[Source "John Saunders"]
[SourceDate "2025.01.31"]
[SourceVersion "1"]
[SourceVersionDate "2025.01.31"]
[SourceQuality "1"]

1. e4 d6 2. Nc3 e5 3. Nf3 Nf6 4. d4 exd4 5. Nxd4 Be7 6. f4 O-O 7. Bd3 c5 8. Nf3 h6 9. f5 Nc6 10. h4 Ng4 11. Ng5 Nce5 12. Bf4 hxg5 13. hxg5 Bxg5 14. Bxe5 Nxe5 15. Nd5 Bh4+ 16. Kd2 Qg5+ 17. Kc3 Nxd3 18. Qxd3 Re8 19. Raf1 Qg3 20. Qxg3 Bxg3 21. f6 Be5+ 22. Kd3 gxf6 23. Nc7 Bd7 24. b3 Rac8 25. Nxe8 Rxe8 26. c4 Kf8 27. Rh7 {(=)} Ke7 28. Rfh1 Rg8 29. Rg1 Bd4 30. Rgh1 Rxg2 31. R7h2 Rxh2 32. Rxh2 f5 33. Rh4 fxe4+ 34. Kxe4 f5+ 35. Kf3 Be5 36. Rh7+ Ke8 37. Ke3 Bc6 38. a3 Be4 39. Kd2 f4 40. Rh4 Bc6 41. b4 cxb4 42. axb4 a6 43. Kd3 f3 44. Ke3 Kf7 45. Rh3 Kg6 46. Rxf3 Bxf3 47. Kxf3 Kf5 48. Ke3 Bc3 49. b5 a5 50. Kd3 Bb4 51. Kd4 Bc5+ 52. Kc3 a4 53. Kd3 a3 54. Kc3 Ke4 55. Kb3 Kd4 0-1

[Event "Hampshire Major"]
[Site "Eastleigh"]
[Date "2011.11.05"]
[Round "2"]
[White "Williams, Peter D"]
[Black "Slater, Tom"]
[Result "1/2-1/2"]
[WhiteElo "1704"]
[BlackElo "1792"]
[PlyCount "53"]
[EventDate "2011.11.04"]
[EventType "swiss"]
[EventRounds "6"]
[EventCountry "ENG"]
[SourceTitle "BritBase"]
[Source "John Saunders"]
[SourceDate "2025.01.31"]
[SourceVersion "1"]
[SourceVersionDate "2025.01.31"]
[SourceQuality "1"]

1. c4 f5 2. e4 fxe4 3. d3 Nc6 4. dxe4 e5 5. Nc3 Bb4 6. Bd2 Nf6 7. Bd3 O-O 8. Nd5 Bxd2+ 9. Qxd2 Nd4 10. Ne2 Nxe2 11. Qxe2 c6 12. Nxf6+ Rxf6 13. O-O-O a6 14. Rd2 b5 15. Rhd1 b4 16. Bc2 c5 17. Rd6 a5 18. Qd2 Rf7 19. Rd5 Qe7 20. f3 a4 21. b3 axb3 22. Bxb3 Ra7 23. Qb2 Qg5+ 24. Qd2 Qe7 25. Rd6 Ra5 26. Kb1 Qh4 27. h3 1/2-1/2

[Event "Hampshire Major"]
[Site "Eastleigh"]
[Date "2011.11.05"]
[Round "2"]
[White "Wiseman, John M"]
[Black "Desmedt, Richard E"]
[Result "0-1"]
[WhiteElo "1672"]
[BlackElo "1840"]
[PlyCount "122"]
[EventDate "2011.11.04"]
[EventType "swiss"]
[EventRounds "6"]
[EventCountry "ENG"]
[SourceTitle "BritBase"]
[Source "John Saunders"]
[SourceDate "2025.01.31"]
[SourceVersion "1"]
[SourceVersionDate "2025.01.31"]
[SourceQuality "1"]

1. d4 d5 2. Nf3 e6 3. e3 f5 4. c4 c6 5. Nc3 Bd6 6. Ne5 Nf6 7. Bd3 O-O 8. Bd2 Ne4 9. c5 Bxe5 10. dxe5 Nxc5 11. Bc2 Nbd7 12. f4 Ne4 13. Nxe4 fxe4 14. O-O b6 15. Qg4 Qe7 16. Bd1 Ba6 17. Be2 Bxe2 18. Qxe2 Rfc8 19. b4 c5 20. a3 c4 21. Bc3 b5 22. Rac1 Nb6 23. Bd4 Na4 24. Rc2 a5 25. Rb1 axb4 26. axb4 Rc6 27. Qe1 Rca6 28. g3 Nb6 29. Qe2 Qc7 30. Kg2 Nc8 31. Qg4 Ne7 32. Qe2 Nf5 33. Bc5 g6 34. Qd2 Ra3 35. Rc3 Qb7 36. Kh3 Qa6 37. g4 Ng7 38. Rc2 Ra2 39. Rbb2 Rxb2 40. Rxb2 Qa3 41. Qg2 c3 42. Rc2 Qb3 43. Qe2 Rc8 44. Qd1 h6 45. Qc1 Rxc5 46. bxc5 b4 47. Qd1 Qc4 48. Qd4 Ne8 49. f5 gxf5 50. gxf5 Qxd4 51. exd4 exf5 52. Kg3 Kf7 53. Kf4 Ke6 54. Ke3 Nc7 55. Ke2 Nb5 56. Ke3 b3 57. Rg2 Kf7 58. c6 f4+ 59. Kxf4 c2 60. e6+ Kxe6 61. Rg6+ Kf7 0-1

[Event "Hampshire Major"]
[Site "Eastleigh"]
[Date "2011.11.05"]
[Round "3"]
[White "Chapman, Matt"]
[Black "Moore, Gillian A"]
[Result "1/2-1/2"]
[WhiteElo "1832"]
[BlackElo "1768"]
[PlyCount "72"]
[EventDate "2011.11.04"]
[EventType "swiss"]
[EventRounds "6"]
[EventCountry "ENG"]
[SourceTitle "BritBase"]
[Source "John Saunders"]
[SourceDate "2025.01.31"]
[SourceVersion "1"]
[SourceVersionDate "2025.01.31"]
[SourceQuality "1"]

1. e4 Nf6 2. Nc3 d5 3. exd5 Nxd5 4. Bc4 c6 5. Qf3 Nf6 6. h3 g6 7. d3 Bg7 8. Be3 O-O 9. Nge2 a5 10. a3 Nbd7 11. Ba2 e5 12. O-O-O Qc7 13. g4 Nb6 14. Ng3 Be6 15. Bxe6 fxe6 16. Qe2 Nfd5 17. Bd2 Nf4 18. Qe4 Nbd5 19. Rde1 b5 20. Nge2 Qd6 21. Nxf4 Nxf4 22. Ne2 Nxe2+ 23. Rxe2 Qd5 24. Qxd5 exd5 25. Rf1 Rf3 26. Re3 Rf7 27. c4 b4 28. axb4 axb4 29. Kc2 d4 30. Rg3 c5 31. f4 Raf8 32. Rgf3 Bh6 33. f5 b3+ 34. Kd1 Bxd2 35. Kxd2 gxf5 36. gxf5 Rg7 1/2-1/2

[Event "Hampshire Major"]
[Site "Eastleigh"]
[Date "2011.11.05"]
[Round "3"]
[White "Dallas, Peter L"]
[Black "O'Gorman, Brendan"]
[Result "1-0"]
[WhiteElo "1728"]
[BlackElo "1872"]
[PlyCount "53"]
[EventDate "2011.11.04"]
[EventType "swiss"]
[EventRounds "6"]
[EventCountry "ENG"]
[SourceTitle "BritBase"]
[Source "John Saunders"]
[SourceDate "2025.01.31"]
[SourceVersion "1"]
[SourceVersionDate "2025.01.31"]
[SourceQuality "1"]

1. Nf3 d5 2. g3 Bg4 3. Bg2 Nd7 4. d3 e5 5. O-O Ngf6 6. Nbd2 Be7 7. c4 c6 8. b3 O-O 9. Bb2 Qc7 10. Rc1 Rfe8 11. cxd5 Nxd5 12. h3 Be6 13. Nc4 f6 14. e4 N5b6 15. Ne3 a5 16. d4 exd4 17. Nxd4 Bf7 18. Nef5 Ne5 19. f4 Ng6 20. Nxe7+ Qxe7 21. Nf5 Qc7 22. Qg4 Be6 23. Nh6+ gxh6 24. f5 Bf7 25. fxg6 hxg6 26. Rxf6 Qd7 27. Rxg6+ 1-0

[Event "Hampshire Major"]
[Site "Eastleigh"]
[Date "2011.11.05"]
[Round "3"]
[White "Desmedt, Richard E"]
[Black "Matthew, Ian G"]
[Result "1/2-1/2"]
[WhiteElo "1840"]
[BlackElo "1736"]
[PlyCount "53"]
[EventDate "2011.11.04"]
[EventType "swiss"]
[EventRounds "6"]
[EventCountry "ENG"]
[SourceTitle "BritBase"]
[Source "John Saunders"]
[SourceDate "2025.01.31"]
[SourceVersion "1"]
[SourceVersionDate "2025.01.31"]
[SourceQuality "1"]

1. e4 c5 2. d4 e6 3. Nf3 cxd4 4. c3 dxc3 5. Nxc3 a6 6. Bc4 b5 7. Bb3 Bb7 8. Qe2 b4 9. Na4 Nf6 10. e5 Nd5 11. O-O Be7 12. Rd1 O-O 13. Bxd5 Bxd5 14. Be3 Qa5 15. Nb6 Nc6 16. Nxa8 Rxa8 17. Bf4 Bc5 18. b3 Qb6 19. Rac1 a5 20. Rd3 Rc8 21. Be3 Bxf3 22. gxf3 Nxe5 23. Bxc5 Nxd3 24. Bxb6 Rxc1+ 25. Qf1 Rxf1+ {(=)} 26. Kxf1 Nc1 27. Ke1 1/2-1/2

[Event "Hampshire Major"]
[Site "Eastleigh"]
[Date "2011.11.05"]
[Round "3"]
[White "Farthing, Andrew P"]
[Black "Samuels, Henry Alexander"]
[Result "1/2-1/2"]
[WhiteElo "1736"]
[BlackElo "1840"]
[PlyCount "41"]
[EventDate "2011.11.04"]
[EventType "swiss"]
[EventRounds "6"]
[EventCountry "ENG"]
[SourceTitle "BritBase"]
[Source "John Saunders"]
[SourceDate "2025.01.31"]
[SourceVersion "1"]
[SourceVersionDate "2025.01.31"]
[SourceQuality "1"]

1. Nc3 c5 2. e4 Nc6 3. Bb5 g6 4. Bxc6 dxc6 5. d3 Bg7 6. f4 Nh6 7. Nf3 O-O 8. Qe2 f5 9. e5 e6 10. O-O Qc7 11. Be3 b6 12. Rad1 Rd8 13. h3 Bf8 14. Bf2 a5 15. Na4 Be7 16. b3 Kh8 17. Bh4 b5 18. Bxe7 Qxe7 19. Nb6 Rb8 20. Nxc8 Rbxc8 21. Ng5 1/2-1/2

[Event "Hampshire Major"]
[Site "Eastleigh"]
[Date "2011.11.05"]
[Round "3"]
[White "Hurn, Paul AT"]
[Black "Wiseman, John M"]
[Result "1/2-1/2"]
[WhiteElo "1704"]
[BlackElo "1672"]
[PlyCount "80"]
[EventDate "2011.11.04"]
[EventType "swiss"]
[EventRounds "6"]
[EventCountry "ENG"]
[SourceTitle "BritBase"]
[Source "John Saunders"]
[SourceDate "2025.01.31"]
[SourceVersion "1"]
[SourceVersionDate "2025.01.31"]
[SourceQuality "1"]

1. e4 c5 2. Nc3 d6 3. f4 Nf6 4. Nf3 g6 5. Bc4 e6 6. O-O Bg7 7. d3 O-O 8. Bb3 Nc6 9. Qe1 a6 10. Kh1 Na5 11. Nh4 Nxb3 12. axb3 Re8 13. e5 Nd5 14. Nb5 Nb4 15. Qf2 d5 16. Nd6 Rf8 17. Nf3 b6 18. Bd2 Nc6 19. c3 a5 20. b4 cxb4 21. cxb4 f6 22. d4 Bd7 23. bxa5 Nxa5 24. Bb4 Qb8 25. Rac1 Rd8 26. Qh4 Rf8 27. Rc3 fxe5 28. fxe5 Qd8 29. Qxd8 Rfxd8 30. Rc7 h6 31. Kg1 Nc6 32. Ba3 b5 33. Bc5 Nb8 34. Ra7 Rxa7 35. Bxa7 Nc6 36. Bc5 Rb8 37. Nd2 Be8 38. Nxe8 Rxe8 39. Ra1 Bf8 40. Bxf8 Rxf8 1/2-1/2

[Event "Hampshire Major"]
[Site "Eastleigh"]
[Date "2011.11.05"]
[Round "3"]
[White "Manning, Peter A"]
[Black "Foley, Phil T"]
[Result "1-0"]
[WhiteElo "1720"]
[BlackElo "1680"]
[PlyCount "69"]
[EventDate "2011.11.04"]
[EventType "swiss"]
[EventRounds "6"]
[EventCountry "ENG"]
[SourceTitle "BritBase"]
[Source "John Saunders"]
[SourceDate "2025.01.31"]
[SourceVersion "1"]
[SourceVersionDate "2025.01.31"]
[SourceQuality "1"]

1. f4 d5 2. Nf3 Nf6 3. b3 c5 4. e3 Bf5 5. Bb2 a6 6. Be2 e6 7. O-O Nc6 8. Ne5 h6 9. Nxc6 bxc6 10. c4 Be7 11. d3 h5 12. Nd2 Bg4 13. Bf3 Qd7 14. Qe2 d4 15. h3 Bxf3 16. Nxf3 dxe3 17. Qxe3 Rd8 18. Ne5 Qd6 19. Rad1 Rg8 20. Qf3 Rc8 21. f5 exf5 22. Qxf5 Qe6 23. Qf3 g5 24. Rde1 Kf8 25. Ng6+ Rxg6 26. Rxe6 fxe6 27. Qxh5 Kg7 28. Qe2 Kf7 29. Qd2 Bd6 30. Qa5 g4 31. hxg4 Rh8 32. Rf3 Rh4 33. g5 Bh2+ 34. Kf2 Rf4 35. Qc7+ 1-0

[Event "Hampshire Major"]
[Site "Eastleigh"]
[Date "2011.11.05"]
[Round "3"]
[White "Ross, David EC"]
[Black "Symons, John B"]
[Result "1/2-1/2"]
[WhiteElo "1752"]
[BlackElo "1800"]
[PlyCount "69"]
[EventDate "2011.11.04"]
[EventType "swiss"]
[EventRounds "6"]
[EventCountry "ENG"]
[SourceTitle "BritBase"]
[Source "John Saunders"]
[SourceDate "2025.01.31"]
[SourceVersion "1"]
[SourceVersionDate "2025.01.31"]
[SourceQuality "1"]

1. d4 Nf6 2. Nc3 d6 3. e4 g6 4. Nf3 Bg7 5. Be3 c6 6. h3 b5 7. Bd3 O-O 8. Qd2 b4 9. Ne2 a5 10. Bh6 Nbd7 11. Bxg7 Kxg7 12. Ng5 e5 13. f4 Nh5 14. f5 exd4 15. g4 Nhf6 16. Nxd4 Ne5 17. fxg6 hxg6 18. O-O-O c5 19. Nf5+ gxf5 20. gxf5 Rg8 21. Rdg1 Kf8 22. Nh7+ Nxh7 23. Qh6+ Ke7 24. Qxh7 Rxg1+ 25. Rxg1 Nxd3+ 26. cxd3 Bb7 27. f6+ Kd7 28. Qxf7+ Kc6 29. Rg7 Rb8 30. Qe6 Bc8 31. Qd5+ Kb6 32. f7 Qf6 33. Rg8 Qf1+ 34. Kc2 Qe2+ 35. Kc1 1/2-1/2

[Event "Hampshire Major"]
[Site "Eastleigh"]
[Date "2011.11.05"]
[Round "3"]
[White "Slater, Tom"]
[Black "Sullivan, Ken"]
[Result "1-0"]
[WhiteElo "1792"]
[BlackElo "1680"]
[PlyCount "114"]
[EventDate "2011.11.04"]
[EventType "swiss"]
[EventRounds "6"]
[EventCountry "ENG"]
[SourceTitle "BritBase"]
[Source "John Saunders"]
[SourceDate "2025.01.31"]
[SourceVersion "1"]
[SourceVersionDate "2025.01.31"]
[SourceQuality "1"]

1. e4 d5 2. exd5 Qxd5 3. Nc3 Qd6 4. d4 Nf6 5. Nb5 Qd8 6. c4 a6 7. Nc3 e6 8. Nf3 Nbd7 9. Be2 b6 10. O-O Bb7 11. Bg5 Be7 12. Re1 O-O 13. a3 h6 14. Bh4 Re8 15. b4 c5 16. dxc5 bxc5 17. b5 Nb6 18. Qxd8 Rexd8 19. Ne5 Rd4 20. Bg3 a5 21. Red1 Rad8 22. f3 Nh5 23. Bf2 Rxd1+ 24. Rxd1 Rxd1+ 25. Nxd1 Nf4 26. Bf1 Bd6 27. Ng4 Ng6 28. Bg3 Bxg3 29. hxg3 h5 30. Ngf2 Ne5 31. Nb2 f5 32. f4 Ng4 33. Nfd3 Ne3 34. Nxc5 Nxf1 35. Kxf1 Bc8 36. Nca4 Nxa4 37. Nxa4 Kf7 38. Nb6 Bb7 39. c5 Ke7 40. c6 Bxc6 41. bxc6 Kd6 42. Nc4+ Kxc6 43. Nxa5+ Kb5 44. Nb7 Ka4 45. Nc5+ Kxa3 46. Nxe6 g6 47. Nf8 Kb3 48. Nxg6 Kc3 49. Ke2 Kd4 50. Nh4 Kd5 51. Nxf5 Ke4 52. Nh4 Kd5 53. Ke3 Ke6 54. Ke4 Kf6 55. Nf3 Kg6 56. Ke5 Kf7 57. Kf5 Kg7 1-0

[Event "Hampshire Major"]
[Site "Eastleigh"]
[Date "2011.11.05"]
[Round "3"]
[White "Whatmough, Luke"]
[Black "Pope, Michael R"]
[Result "1-0"]
[WhiteElo "1440"]
[BlackElo "1680"]
[PlyCount "63"]
[EventDate "2011.11.04"]
[EventType "swiss"]
[EventRounds "6"]
[EventCountry "ENG"]
[SourceTitle "BritBase"]
[Source "John Saunders"]
[SourceDate "2025.01.31"]
[SourceVersion "1"]
[SourceVersionDate "2025.01.31"]
[SourceQuality "1"]

1. e4 d5 2. exd5 Qxd5 3. Nc3 Qd6 4. g3 c6 5. Bg2 Nf6 6. Nge2 Bf5 7. d3 Na6 8. O-O h5 9. Bf4 Qd7 10. h4 Nc7 11. Rc1 e6 12. Bg5 Be7 13. Nf4 O-O-O 14. Bxf6 Bxf6 15. Nxh5 Bd4 16. Nf4 e5 17. Nfe2 g5 18. h5 Bg4 19. Qd2 Rxh5 20. Nxd4 exd4 21. Ne4 Bh3 22. Nf6 Qf5 23. Nxh5 Bxg2 24. Kxg2 g4 25. Nf4 Ne6 26. c3 Ng5 27. Rh1 Nf3 28. Qe2 Qd7 29. Qe4 Re8 30. Qh7 c5 31. Qg7 Qc6 32. Qxg4+ 1-0

[Event "Hampshire Major"]
[Site "Eastleigh"]
[Date "2011.11.05"]
[Round "3"]
[White "Williams, Peter D"]
[Black "Beaney, Alex"]
[Result "1-0"]
[WhiteElo "1704"]
[BlackElo "1736"]
[PlyCount "79"]
[EventDate "2011.11.04"]
[EventType "swiss"]
[EventRounds "6"]
[EventCountry "ENG"]
[SourceTitle "BritBase"]
[Source "John Saunders"]
[SourceDate "2025.01.31"]
[SourceVersion "1"]
[SourceVersionDate "2025.01.31"]
[SourceQuality "1"]

1. c4 e5 2. g3 Nc6 3. Bg2 Nf6 4. Nc3 Be7 5. Nf3 d6 6. O-O Be6 7. d3 O-O 8. Ng5 Bd7 9. a3 h6 10. Nf3 Rb8 11. b4 Qc8 12. Bb2 Bh3 13. Rc1 Bxg2 14. Kxg2 Re8 15. b5 Nd8 16. Qc2 Ne6 17. Rfd1 Nh7 18. h4 Nf4+ 19. gxf4 Qg4+ 20. Kf1 exf4 21. Nd5 Bxh4 22. Nxh4 Qxh4 23. e4 fxe3 24. Nxe3 Ng5 25. Ke2 Qg4+ 26. Kd2 Nf3+ 27. Kc3 Qd7 28. Qe2 Ne5 29. Kd2 a6 30. Bxe5 Rxe5 31. Qg4 Qe7 32. Nd5 Qd8 33. Rg1 Rg5 34. Qh4 axb5 35. Rxg5 hxg5 36. Qe4 c6 37. Ne7+ Kf8 38. Rh1 Qa5+ 39. Ke2 f5 40. Qe6 1-0